| 000 | 00466nam a22001697a 4500 | ||
|---|---|---|---|
| 999 |
_c524155 _d524155 |
||
| 003 | NUST | ||
| 038 | _aFaiza | ||
| 082 |
_a891.421 _bSHA |
||
| 100 |
_aShahzad, Muhammad Arshad _914980 |
||
| 245 |
_aMaqtal Vich Dhamal / _cMuhammad Arshad Shahzad |
||
| 260 |
_aLahore : _bIlyas Ghumman, _c2000. |
||
| 300 | _a151 p. ; | ||
| 500 | _aHard cover. | ||
| 880 |
_6100-02\r _aمحمد ارشد شہزاد |
||
| 880 |
_6245-02\r _aمقتل وچ دھمال |
||
| 942 |
_2ddc _cBK |
||